000 01024nam a22002777a 4500
001 4787
003 FISKH
005 20241014091616.0
008 241014b cb ||||| |||| 00| 0 eng d
020 _a9780545297240
040 _aFISKH
_beng
_cFISKH
_dFISKH
050 _aPZ7.C3725
082 _a303
100 _aWillis, Cynthia Chapman
245 _aDog Gone /
_cby Cynthia Chapman Willis
250 _aFirst Scholastic printing, September 2010
260 _aNew York :
_bScholastic ;
_c2008.
300 _a217 pages :
_billustrations ;
_c20 cm .
505 _aS
520 _aTwelve-year-old Dill refuses to deal with the recent death of her mother until her dog starts running with a pack that is suspected of killing livestock on neighboring farms, and Dill's beloved grandfather becomes so sick that he needs to go the the hospital just like her mother did.
521 8 _a800
_bLexile
521 8 _aS
_bRaz-Plus
650 _adog
_vanimal fiction
942 _2ddc
_cBK
_n0
999 _c4787
_d4787